Giáo trình các phương pháp lượng trong quản lý kinh tế
Đã lưu trong:
| Príomhúdar: | |
|---|---|
| Údair Eile: | |
| Formáid: | Leabhar |
| Teanga: | Vietnamese |
| Foilsithe: |
Khoa học và kỹ thuật
2000
|
| Clibeanna: |
Cuir Clib Leis
Gan Chlibeanna, Bí ar an gcéad duine leis an taifead seo a chlibeáil!
|
| Thư viện lưu trữ: | Mạng thư viện Đại học Đà Nẵng |
|---|
| LEADER | 00840nam a2200265 4500 | ||
|---|---|---|---|
| 001 | 000020227 | ||
| 003 | 16672 | ||
| 005 | 20150310110328.0 | ||
| 008 | 150310s2000 viesd | ||
| 020 | |c 21500 | ||
| 041 | 0 | |a vie | |
| 082 | 1 | 4 | |a 330.077 |b ĐÔ-T |
| 100 | 1 | |a Đỗ Hoàng Toàn | |
| 245 | 1 | 0 | |a Giáo trình các phương pháp lượng trong quản lý kinh tế |c Chủ biên : Đỗ Hoàng Toàn, Phan Kim Chiến, Nguyễn Thị Ngọc Huyền. |
| 260 | |b Khoa học và kỹ thuật |c 2000 | ||
| 300 | |a tr. |c cm. | ||
| 700 | 1 | |a Đỗ Hoàng Toàn, |a Nguyễn Thị Ngọc Huyền. |a Phan Kim Chiến |e Chủ biên | |
| OWN | |a LSP | ||
| 999 | |a From the UDN01 | ||
| TYP | |a Monograph | ||
| TYP | |a Printed language | ||
| 980 | |a Mạng thư viện Đại học Đà Nẵng | ||